Notes from a small island

Αποθηκεύτηκε σε:
Λεπτομέρειες βιβλιογραφικής εγγραφής
Κύριος συγγραφέας: Bryson, Bill (Συγγραφέας)
Μορφή: Βιβλίο
Γλώσσα:Αγγλικά
Έκδοση: Londres Black Swan 1996
Έκδοση:1a. ed
Θέματα:
Ετικέτες: Προσθήκη ετικέτας
Δεν υπάρχουν, Καταχωρήστε ετικέτα πρώτοι!

MARC

LEADER 00000cam a2200000 a 4500
001 UCF7977
003 CL-VaPUC
008 130718e19960000UK |||||||||||||||||eng|d
020 |a 0552996009 
082 0 4 |a 914.104  |b BRY  |2 21 
100 0 |a Bryson, Bill  |e author  |9 570063 
245 1 0 |a Notes from a small island 
250 |a 1a. ed 
300 |a 351 p 
942 |c BK 
945 |d 20130718 00:00:00  |a cmena 
260 |a Londres  |b Black Swan  |c 1996 
650 0 |a Viajes y expediciones   |9 408124 
650 0 |a Civilizaciones  |9 267192 
650 0 |a Descripciones y viajes  |9 262159 
650 7 |a HISTORIA INGLESA  |2 CL-VaPUC  |9 417272 
651 0 |a Inglaterra  |9 255158 
583 |a last modification  |c 20130718 10:54:00  |k Rodrigo Vera 
999 |c 352683  |d 352681 
952 |0 0  |1 0  |4 0  |6 914_104000000000000_BRY_1996  |7 0  |8 A  |9 457288  |a BIBEDU  |b BIBEDU  |d 2019-11-22  |i 4956435  |o 914.104 BRY 1996  |p 4956435  |r 2019-11-22  |w 2019-11-22  |y BK  |k LIT